000 00810nam a2200229 a 4500
001 000045590
005 20201002052331.0
008 150416s2002 dr ac 000 0 spa d
020 _a0965010600
040 _aDO-SdBNP
_bspa
_cBNPHU
082 _axxxx
_bxxxx
245 0 0 _aAl son de los tiempos :
_bprocesos y prácticas de la lectoescritura /
_cRuth J Sáez Vega... [et al.].
260 _aSanto Domingo :
_bCentenario,
_c2002.
300 _a217 p. :
_bil. ;
_c23 cm.
504 _aBibliografía : p. 210
500 _aPerteneció a la biblioteca personal de Erick Landestoy.
700 1 2 _aSáez Vega, Ruth J.
_973657
700 1 2 _aCintrón de Esteves, Carmen M.
_973658
700 1 2 _aRivera Viera, Diana T.
_973659
700 1 2 _aGuerra Lozana, Cristina
_973660
700 1 2 _aOjeda O'Neill, María I.
_973661
999 _c45079
_d45079